[Event "Montreal CC-ch"]
[Site "Montreal CAN"]
[Date "2022.06.19"]
[Round "5.3"]
[White "Sekki, Abderaouf"]
[Black "Zheng, Richard"]
[Result "0-1"]
[WhiteElo "1922"]
[BlackElo "2193"]
[PlyCount "64"]
[EventDate "2022.06.17"]
[EventType "swiss"]
[EventRounds "5"]
[EventCountry "CAN"]

1. d4 d5 2. c4 c6 3. Nc3 Nf6 4. Nf3 e6 5. Bg5 dxc4 6. e4 b5 7. e5 h6 8. Bh4 g5
9. Bg3 Nd5 10. Nd2 Bb7 11. Be2 Nd7 12. O-O Nxc3 13. bxc3 Ba3 14. Ne4 Qe7 15.
Rb1 O-O-O 16. Bxc4 bxc4 17. Nd6+ Bxd6 18. exd6 Qf8 19. Qa4 Kb8 20. Qxc6 Nb6 21.
Qc7+ Ka8 22. Rxb6 axb6 23. Rb1 Qe8 24. Rxb6 Rd7 25. Qxc4 Qb8 26. Rb4 Qc8 27.
Ra4+ Kb8 28. Qb4 Qc6 29. f3 g4 30. Be5 Rg8 31. g3 Qxf3 32. d5 Qxd5 0-1

[Event "Montreal CC-ch"]
[Site "Montreal CAN"]
[Date "2022.06.19"]
[Round "5.4"]
[White "Batorshyn, Ilia"]
[Black "Singher, Jean-Pierre"]
[Result "0-1"]
[WhiteElo "2100"]
[BlackElo "1878"]
[PlyCount "98"]
[EventDate "2022.06.17"]
[EventType "swiss"]
[EventRounds "5"]
[EventCountry "CAN"]

1. Nf3 Nf6 2. c4 e6 3. g3 b6 4. Bg2 Bb7 5. O-O Be7 6. b3 O-O 7. Bb2 c5 8. Nc3
d5 9. e3 Nc6 10. cxd5 Nxd5 11. Nxd5 Qxd5 12. d4 Qd8 13. Rc1 Nb4 14. a3 Nd5 15.
Qe2 cxd4 16. Nxd4 Rc8 17. Rxc8 Qxc8 18. Rc1 Qa8 19. Qg4 Nf6 20. Bxb7 Qxb7 21.
Qf3 Nd5 22. e4 Nf6 23. Nc6 Bc5 24. Bxf6 gxf6 25. b4 Qxc6 26. bxc5 Rc8 27. Qg4+
Kf8 28. Qh4 Ke7 29. e5 Qf3 30. exf6+ Qxf6 31. Qb4 Ke8 32. Qa4+ Kf8 33. Qxa7 Qb2
34. Rd1 Rxc5 35. Qa8+ Kg7 36. Rd8 Rf5 37. Rg8+ Kf6 38. Qd8+ Ke5 39. Qb8+ Kf6
40. Qd8+ Ke5 41. Qc7+ Kf6 42. f4 Rd5 43. Rd8 Qd4+ 44. Kf1 Rxd8 45. g4 Qd1+ 46.
Kf2 Rd2+ 47. Kg3 Qg1+ 48. Kf3 Qg2+ 49. Ke3 Qe2# 0-1

[Event "Montreal CC-ch"]
[Site "Montreal CAN"]
[Date "2022.06.19"]
[Round "5.5"]
[White "Jacquet, Stephane"]
[Black "Chapdelaine, Gwyn"]
[Result "1-0"]
[WhiteElo "2013"]
[BlackElo "1858"]
[PlyCount "67"]
[EventDate "2022.06.17"]
[EventType "swiss"]
[EventRounds "5"]
[EventCountry "CAN"]

1. d4 Nf6 2. c4 e5 3. dxe5 Ng4 4. Bf4 Nc6 5. Nf3 Bc5 6. e3 Qe7 7. Be2 Ngxe5 8.
O-O O-O 9. Nc3 d6 10. Nd5 Nxf3+ 11. Bxf3 Qd8 12. a3 a5 13. Qc2 Be6 14. Rfd1 Rb8
15. Be4 h6 16. Qe2 f5 17. Bc2 g5 18. Qh5 Qe8 19. Qxh6 gxf4 20. Nxc7 Qe7 21.
Nxe6 Rf6 22. Qg5+ Kf7 23. Nxf4 Qe5 24. Qh5+ Kg7 25. Nd3 Qe6 26. Nxc5 dxc5 27.
Rd2 Ne5 28. Rad1 Rh8 29. Qg5+ Rg6 30. Qf4 Rh4 31. Rd7+ Nxd7 32. Qxh4 Ne5 33.
Qf4 Kf6 34. Bxf5 1-0

[Event "Montreal CC-ch"]
[Site "Montreal CAN"]
[Date "2022.06.19"]
[Round "5.6"]
[White "Lima-Barbosa, Raphael"]
[Black "Genzling, Jerome"]
[Result "0-1"]
[WhiteElo "1818"]
[BlackElo "1994"]
[PlyCount "78"]
[EventDate "2022.06.17"]
[EventType "swiss"]
[EventRounds "5"]
[EventCountry "CAN"]

1. d4 d5 2. c4 e6 3. Nc3 a6 4. cxd5 exd5 5. Qb3 c5 6. Qxd5 cxd4 7. Qxd8+ Kxd8
8. Ne4 Nc6 9. a3 Bf5 10. Ng3 Be6 11. Nf3 h6 12. b4 Ke8 13. Bb2 Rd8 14. O-O-O
Be7 15. Nxd4 Bf6 16. e3 Nge7 17. Be2 Nxd4 18. Bxd4 Bxd4 19. Rxd4 Rxd4 20. exd4
Bd5 21. f3 f5 22. Nh5 Kf7 23. Nf4 Rc8+ 24. Kb2 g5 25. Nxd5 Nxd5 26. Rc1 Rxc1
27. Kxc1 Kf6 28. Kd2 b5 29. Bd1 f4 30. g3 Ne3 31. Be2 Ke6 32. g4 Kd6 33. Kc3
Kd5 34. a4 bxa4 35. Bxa6 Nd1+ 36. Kd3 Nb2+ 37. Kc3 Nd1+ 38. Kd2 a3 39. Kd3 Kd6
0-1

[Event "Montreal CC-ch"]
[Site "Montreal CAN"]
[Date "2022.06.19"]
[Round "5.7"]
[White "Kozlov, Guennadi"]
[Black "Destree, Frederic"]
[Result "1-0"]
[WhiteElo "1730"]
[BlackElo "1831"]
[PlyCount "47"]
[EventDate "2022.06.17"]
[EventType "swiss"]
[EventRounds "5"]
[EventCountry "CAN"]

1. e4 d6 2. d4 Nf6 3. Nc3 g6 4. Be3 c6 5. Bd3 b5 6. Qd2 Nbd7 7. Nf3 Bg7 8. Bh6
O-O 9. Bxg7 Kxg7 10. O-O e5 11. a4 b4 12. Ne2 a5 13. c3 Rb8 14. Rfc1 b3 15. Ra3
Qb6 16. Ng3 Ba6 17. Qe2 Bxd3 18. Qxd3 c5 19. d5 c4 20. Qxc4 Nc5 21. Nd2 Rfc8
22. Qe2 Rb7 23. c4 Nh5 24. Nxh5+ 1-0

[Event "Montreal CC-ch"]
[Site "Montreal CAN"]
[Date "2022.06.19"]
[Round "5.8"]
[White "Chasles, Jean-Benoit"]
[Black "Mok, Yuen Tak"]
[Result "1/2-1/2"]
[WhiteElo "1306"]
[BlackElo "2120"]
[PlyCount "242"]
[EventDate "2022.06.17"]
[EventType "swiss"]
[EventRounds "5"]
[EventCountry "CAN"]

1. e4 c6 2. Nf3 d5 3. Nc3 Bg4 4. h3 Bxf3 5. Qxf3 e6 6. exd5 cxd5 7. Bb5+ Nc6 8.
O-O Nf6 9. d3 Be7 10. Bxc6+ bxc6 11. Bf4 O-O 12. Be5 Nd7 13. Bg3 Bf6 14. Bd6
Re8 15. Rfb1 Ne5 16. Bxe5 Bxe5 17. Ne2 c5 18. c3 Qb6 19. Qe3 Bf6 20. Qd2 Rab8
21. a3 Rb7 22. b4 Reb8 23. d4 cxd4 24. cxd4 Rc7 25. Rc1 Rbc8 26. Rxc7 Rxc7 27.
Rc1 Rxc1+ 28. Qxc1 g6 29. Qc3 Qb5 30. Nc1 Qa4 31. Qb3 Qc6 32. Ne2 Qb5 33. Qc2
Be7 34. Qc8+ Bf8 35. Qc2 Kg7 36. Nc1 a5 37. Nd3 Qc4 38. Qxc4 dxc4 39. Ne1 axb4
40. axb4 Bxb4 41. Nc2 Ba5 42. Kf1 Kf6 43. Ke2 Ke7 44. Ne3 Bb6 45. Nxc4 Bxd4 46.
Kf3 e5 47. Kg3 Ke6 48. f3 f5 49. Nd2 Bc3 50. Nf1 Be1+ 51. Kh2 Bf2 52. g3 Kd5
53. Kg2 Bc5 54. g4 Ke6 55. Ng3 Be3 56. Ne2 h6 57. Kg3 f4+ 58. Kg2 Bd2 59. h4
Kd5 60. Ng1 Kd4 61. Nh3 Be1 62. h5 gxh5 63. gxh5 Bh4 64. Ng1 Ke3 65. Nh3 Kd2
66. Ng1 Ke1 67. Nh3 Bd8 68. Nf2 Ke2 69. Ng4 e4 70. fxe4 f3+ 71. Kg1 Bb6+ 72.
Kh2 Bc7+ 73. Kg1 Bg3 74. Kh1 Bf4 75. Kg1 Ke1 76. Kh1 Bc7 77. Kg1 Bb6+ 78. Kh1
Bd4 79. Kh2 Ke2 80. Kh1 Ba7 81. e5 Bb8 82. e6 Bd6 83. Kg1 Be7 84. Kh2 Bg5 85.
Kh1 Bh4 86. Kh2 Bg5 87. Kh1 Bd8 88. Kh2 Be7 89. Kg1 Bc5+ 90. Kh2 Bd6+ 91. Kg1
Bc5+ 92. Kh2 f2 93. Nxf2 Kxf2 94. Kh3 Kf3 95. Kh2 Bd6+ 96. Kg1 Kg4 97. Kh1 Kxh5
98. Kg1 Kg6 99. Kh1 Kf6 100. Kg1 Kxe6 101. Kh1 Kf5 102. Kg1 Kg4 103. Kh1 Bc5
104. Kg2 h5 105. Kh1 h4 106. Kh2 Bd6+ 107. Kh1 Kg3 108. Kg1 Be5 109. Kh1 h3
110. Kg1 Bc7 111. Kh1 Kf3 112. Kg1 Ke2 113. Kh1 Kf3 114. Kg1 h2+ 115. Kh1 Ke2
116. Kg2 Bd6 117. Kh1 Bg3 118. Kg2 Ke1 119. Kh1 Kd2 120. Kg2 Ke3 121. Kh1 Kf2
1/2-1/2

[Event "Montreal CC-ch"]
[Site "Montreal CAN"]
[Date "2022.06.19"]
[Round "5.9"]
[White "Millette, Sylvain"]
[Black "Rebhi, Mohamed"]
[Result "1-0"]
[WhiteElo "1590"]
[BlackElo "1440"]
[PlyCount "73"]
[EventDate "2022.06.17"]
[EventType "swiss"]
[EventRounds "5"]
[EventCountry "CAN"]

1. Nf3 Nf6 2. g3 g6 3. Bg2 Bg7 4. O-O d5 5. d4 Nc6 6. c3 Bf5 7. Qb3 b6 8. Ne5
Qd6 9. Nxc6 Qxc6 10. c4 e6 11. Nc3 Rd8 12. cxd5 Nxd5 13. e4 Nxc3 14. exf5 Ne2+
15. Kh1 Qd6 16. Qb5+ Kf8 17. Qxe2 exf5 18. Bf4 Qd7 19. d5 Bd4 20. Qd2 Bc5 21.
Bh6+ Kg8 22. Qc3 Bf8 23. Bg5 Be7 24. Bxe7 Qxe7 25. Rfe1 Qd6 26. Re5 h5 27. Rae1
Kh7 28. Re7 Rhf8 29. Rxc7 Rd7 30. Rxd7 Qxd7 31. Qf6 Re8 32. Rxe8 Qxe8 33. Kg1
Kg8 34. d6 Qa4 35. b3 Qd7 36. Qe7 Qxe7 37. dxe7 1-0

[Event "Montreal CC-ch"]
[Site "Montreal CAN"]
[Date "2022.06.19"]
[Round "5.10"]
[White "Smirnov, Arteme"]
[Black "Beaulieu, Pierre"]
[Result "0-1"]
[WhiteElo "1493"]
[BlackElo "1848"]
[PlyCount "186"]
[EventDate "2022.06.17"]
[EventType "swiss"]
[EventRounds "5"]
[EventCountry "CAN"]

1. e4 c5 2. Nc3 Nc6 3. f4 e6 4. Nf3 a6 5. g3 b5 6. Bg2 Bb7 7. O-O d6 8. d4 cxd4
9. Nxd4 Nxd4 10. Qxd4 Ne7 11. Be3 Nc6 12. Qb6 Qc8 13. Bf2 Be7 14. Rfd1 O-O 15.
Ne2 Rb8 16. c3 e5 17. Qe3 Ba8 18. Rac1 Na5 19. b3 Qc6 20. f5 Nb7 21. b4 Qc4 22.
Rd2 a5 23. Bf1 axb4 24. Rb1 bxc3 25. Nxc3 Qc7 26. Nd5 Qd8 27. Rdb2 Nc5 28. Rxb5
Rxb5 29. Rxb5 Bg5 30. Qe1 Bc6 31. Rb2 Na4 32. Rc2 Qa8 33. h4 Bd8 34. Bc4 Ba5
35. Qc1 Bd7 36. Ne7+ Kh8 37. Bd5 Qa6 38. Kg2 Bd8 39. Nc6 Bb6 40. Nb4 Qa7 41.
Bb3 Nc5 42. Bxc5 Bxc5 43. Nd5 Rb8 44. Qd2 Bb5 45. Nc3 Be8 46. Qd5 Rb4 47. g4
Rd4 48. Nb5 Rxd5 49. Nxa7 Rd4 50. Nc8 Bd7 51. Ne7 Rxe4 52. Kf3 Rf4+ 53. Kg3 h5
54. Bxf7 Rxg4+ 55. Kh3 Bb5 56. Ng6+ Kh7 57. Nxe5 Rd4 58. Bg6+ Kg8 59. Rb2 Rb4
60. Rxb4 Bxb4 61. Nf3 Bc4 62. a4 Bb3 63. Bxh5 Bxa4 64. Kg4 Bd1 65. Kf4 Kf8 66.
Bg6 Ke7 67. Ng5 Be1 68. Nf3 Bf2 69. h5 Kf6 70. Ng5 Be1 71. Ne4+ Ke7 72. Ke3 d5
73. Ng5 Bh4 74. Ne6 Bf6 75. Kd3 Bf3 76. Ke3 Be4 77. Nc5 Bb1 78. Ne6 Kd6 79. Nd4
Bg5+ 80. Kf3 Bf6 81. Ke3 Kc5 82. Ne6+ Kc4 83. Nf8 d4+ 84. Kd2 Bg5+ 85. Kd1 d3
86. Bf7+ Kc3 87. Ne6 Bc2+ 88. Ke1 d2+ 89. Kf2 Bh4+ 90. Ke3 d1=Q 91. Bg6 Qe1+
92. Kf3 Qg3+ 93. Ke2 Qf2# 0-1

[Event "Montreal CC-ch"]
[Site "Montreal CAN"]
[Date "2022.06.19"]
[Round "5.11"]
[White "Chaudari, Prabhas"]
[Black "Baran, Marius"]
[Result "1/2-1/2"]
[WhiteElo "1451"]
[BlackElo "1822"]
[PlyCount "66"]
[EventDate "2022.06.17"]
[EventType "swiss"]
[EventRounds "5"]
[EventCountry "CAN"]

1. e4 c5 2. d4 cxd4 3. c3 d5 4. exd5 Qxd5 5. Nf3 Nc6 6. cxd4 e6 7. a3 Nf6 8.
Nc3 Qd8 9. Bc4 Be7 10. O-O O-O 11. Bg5 h6 12. Bf4 a6 13. a4 Nb4 14. Re1 b6 15.
Qd2 Nfd5 16. Bg3 Bb7 17. Rac1 Rc8 18. Bb3 Bf6 19. Ne4 Be7 20. Rxc8 Qxc8 21. Nd6
Qd7 22. Nxb7 Qxb7 23. Rc1 Rc8 24. Rxc8+ Qxc8 25. h3 a5 26. Ne5 Bd6 27. Qe2 Qc7
28. Kh1 f6 29. Nf3 Bxg3 30. fxg3 Kf7 31. Nh4 Ke7 32. Nf5+ Kf7 33. Nh4 Ke7
1/2-1/2

[Event "National Capital op"]
[Site "Ottawa CAN"]
[Date "2022.11.04"]
[Round "1.1"]
[White "Van Rooy, Jake"]
[Black "Rodrigue-Lemieux, Shawn"]
[Result "0-1"]
[WhiteElo "2089"]
[BlackElo "2540"]
[PlyCount "120"]
[EventDate "2022.11.04"]
[EventType "swiss"]
[EventRounds "5"]
[EventCountry "CAN"]

1. g3 h5 2. Nf3 e6 3. d3 d5 4. Bg2 Bd6 5. e4 Nc6 6. Qe2 dxe4 7. dxe4 e5 8. c3
Be6 9. Qb5 a6 10. Qe2 f6 11. Be3 Qe7 12. b4 Qf7 13. Nbd2 Bxa2 14. b5 axb5 15.
Qxb5 Nge7 16. O-O O-O 17. Bh3 Ra5 18. Qb2 Rfa8 19. Nh4 Be6 20. Bxe6 Qxe6 21.
Qb3 Qxb3 22. Nxb3 Rxa1 23. Rxa1 Rxa1+ 24. Nxa1 Na5 25. Nc2 Nc4 26. Bc1 Nc8 27.
Kf1 N8b6 28. Ke2 Na4 29. Kd3 b5 30. f3 Kf7 31. Nf5 Bc5 32. Nce3 Nxe3 33. Bxe3
g6 34. Nh6+ Kg7 35. Bc1 Bg1 36. g4 Bxh2 37. gxh5 Bf4 38. Bxf4 Nc5+ 39. Ke2 exf4
40. Ng4 gxh5 41. Nf2 Ne6 42. Nd3 Kg6 43. Nb4 Kg5 44. Nc6 h4 45. Na7 h3 46. Kf2
b4 47. cxb4 Nd4 48. Nc8 Nc2 49. Ne7 Nxb4 50. Nf5 c5 51. Kg1 c4 52. Nd4 c3 53.
Ne6+ Kh4 54. Nxf4 c2 55. Ne2 Nd3 56. Kh2 c1=B 57. Nxc1 Nxc1 58. f4 Nd3 59. e5
Nxe5 60. fxe5 fxe5 0-1

[Event "National Capital op"]
[Site "Ottawa CAN"]
[Date "2022.11.04"]
[Round "1.2"]
[White "Sambuev, Bator"]
[Black "Wiebe, Isaac"]
[Result "1-0"]
[WhiteElo "2518"]
[BlackElo "2084"]
[PlyCount "59"]
[EventDate "2022.11.04"]
[EventType "swiss"]
[EventRounds "5"]
[EventCountry "CAN"]

1. d4 d5 2. c4 dxc4 3. e3 e5 4. Bxc4 exd4 5. exd4 Bd6 6. Nf3 Nf6 7. O-O O-O 8.
Bg5 Nc6 9. h3 Bf5 10. Nc3 h6 11. Bh4 Be7 12. d5 Na5 13. Bd3 Bxd3 14. Qxd3 c6
15. Bxf6 Bxf6 16. b4 b5 17. bxa5 b4 18. Ne2 Bxa1 19. Rxa1 cxd5 20. Qb5 Qd6 21.
Rd1 Rfd8 22. Ned4 Rac8 23. Nf5 Qc5 24. Qd3 Rc7 25. N3d4 Qc3 26. Qe2 f6 27. Qg4
Kh7 28. Nb5 Qc4 29. Nxc7 Qxc7 30. Qxb4 1-0

[Event "National Capital op"]
[Site "Ottawa CAN"]
[Date "2022.11.05"]
[Round "1.3"]
[White "Kellar, Ben"]
[Black "Chiku-Ratte, Olivier-Kenta"]
[Result "0-1"]
[WhiteElo "2066"]
[BlackElo "2459"]
[PlyCount "88"]
[EventDate "2022.11.04"]
[EventType "swiss"]
[EventRounds "5"]
[EventCountry "CAN"]

1. c4 c6 2. e4 d5 3. exd5 cxd5 4. cxd5 Nf6 5. Qa4+ Nbd7 6. Nc3 g6 7. Nf3 Bg7 8.
Bc4 O-O 9. d3 a6 10. Qa3 b6 11. O-O Bb7 12. Re1 Re8 13. Be3 b5 14. Bb3 Nb6 15.
Bxb6 Qxb6 16. Qb4 Qc7 17. Ne5 Qd6 18. Qf4 Rf8 19. Qf3 b4 20. Nc4 Qc7 21. Ne4
Nxd5 22. Rac1 Rac8 23. Rc2 Qf4 24. Qe2 Bd4 25. Rec1 Nf6 26. Qd2 Qxd2 27. Rxd2
Nd5 28. Re1 Nf4 29. g3 Nd5 30. Ncd6 exd6 31. Nxd6 Ba8 32. Nxc8 Rxc8 33. Rde2
Kf8 34. Bc4 a5 35. Bb5 Nf6 36. h3 Bf3 37. Rd2 h5 38. Ba4 Nh7 39. Bd1 Ng5 40. h4
Bxd1 41. hxg5 Bf3 42. Kh2 a4 43. a3 b3 44. Kh3 Rc2 0-1

[Event "National Capital op"]
[Site "Ottawa CAN"]
[Date "2022.11.04"]
[Round "1.5"]
[White "Turcotte, Jonathan"]
[Black "Xu, Daniel"]
[Result "0-1"]
[WhiteElo "2007"]
[BlackElo "2299"]
[PlyCount "72"]
[EventDate "2022.11.04"]
[EventType "swiss"]
[EventRounds "5"]
[EventCountry "CAN"]

1. d4 Nf6 2. c4 g6 3. Nc3 Bg7 4. e4 d6 5. Be2 O-O 6. Nf3 e5 7. O-O Nc6 8. d5
Ne7 9. b4 a5 10. Ba3 axb4 11. Bxb4 b6 12. a4 Re8 13. Re1 Bf8 14. Bf1 c5 15.
dxc6 Nxc6 16. Ba3 Bg4 17. Nb5 Nd4 18. Nbxd4 exd4 19. Qxd4 Bg7 20. e5 Bxf3 21.
exf6 Rxe1 22. Rxe1 Bxf6 23. Qxd6 Qxd6 24. Bxd6 Bc6 25. Rb1 Bd4 26. Rd1 Bc5 27.
Bxc5 bxc5 28. a5 Rxa5 29. Rd8+ Kg7 30. Rc8 Be4 31. f3 Bf5 32. Rc7 Kf6 33. g4
Be6 34. Kf2 Ke5 35. Ke3 Ra3+ 36. Bd3 Kd6 0-1

[Event "National Capital op"]
[Site "Ottawa CAN"]
[Date "2022.11.04"]
[Round "1.6"]
[White "Cortes Orihuela, Javier"]
[Black "Zhu, Matthew"]
[Result "1-0"]
[WhiteElo "2196"]
[BlackElo "1998"]
[PlyCount "63"]
[EventDate "2022.11.04"]
[EventType "swiss"]
[EventRounds "5"]
[EventCountry "CAN"]

1. d4 Nf6 2. c4 g6 3. Nc3 d5 4. cxd5 Nxd5 5. e4 Nxc3 6. bxc3 Bg7 7. Qa4+ c6 8.
Nf3 O-O 9. Qa3 e5 10. Nxe5 Re8 11. f4 Nd7 12. Be3 Nxe5 13. dxe5 Bxe5 14. fxe5
Qh4+ 15. Kd2 Qxe4 16. Re1 Bf5 17. Bd4 Qc2+ 18. Ke3 Rad8 19. Qc1 Qxa2 20. Re2
Qd5 21. Kf2 c5 22. Be3 a6 23. Bg5 Qd1 24. Qf4 Rc8 25. Bf6 Rxe5 26. Bxe5 f6 27.
Bxf6 Rf8 28. Qc4+ Be6 29. Rxe6 b5 30. Re8+ bxc4 31. Bxc4+ Qd5 32. Bxd5# 1-0

[Event "National Capital op"]
[Site "Ottawa CAN"]
[Date "2022.11.04"]
[Round "1.8"]
[White "Zheng, Richard"]
[Black "Qian, Eric"]
[Result "1-0"]
[WhiteElo "2257"]
[BlackElo "1971"]
[PlyCount "65"]
[EventDate "2022.11.04"]
[EventType "swiss"]
[EventRounds "5"]
[EventCountry "CAN"]

1. d4 d5 2. c4 e6 3. Nc3 Nf6 4. cxd5 exd5 5. Bg5 c6 6. Qc2 Be7 7. e3 Nbd7 8.
Bd3 h6 9. Bh4 Nh5 10. Bxe7 Qxe7 11. Nge2 Nb6 12. h3 Bd7 13. O-O-O O-O-O 14. Kb1
Kb8 15. Na4 Nxa4 16. Qxa4 Qg5 17. g4 Nf6 18. Qb4 Ne4 19. Bxe4 dxe4 20. d5 cxd5
21. Qd6+ Ka8 22. Rxd5 Qh4 23. Rhd1 Qxf2 24. Nc3 Qxe3 25. Qc7 Rc8 26. Qxd7 Qxh3
27. Rb5 Rb8 28. Nd5 a6 29. Nb6+ Ka7 30. Qd4 Rbd8 31. Nc8+ Kb8 32. Qa7+ Kxc8 33.
Qxb7# 1-0

[Event "National Capital op"]
[Site "Ottawa CAN"]
[Date "2022.11.04"]
[Round "1.9"]
[White "Hughes-Dupuy, Henry"]
[Black "Han, Johnathan"]
[Result "0-1"]
[WhiteElo "1963"]
[BlackElo "2251"]
[PlyCount "48"]
[EventDate "2022.11.04"]
[EventType "swiss"]
[EventRounds "5"]
[EventCountry "CAN"]

1. e4 c5 2. Nf3 d6 3. Bb5+ Nd7 4. O-O a6 5. Bd3 Ngf6 6. c3 b5 7. Bc2 Bb7 8. Re1
c4 9. b3 g6 10. a4 Nc5 11. axb5 axb5 12. Rxa8 Qxa8 13. bxc4 bxc4 14. Na3 Nfxe4
15. Nxc4 d5 16. Nb6 Qa7 17. Na4 Nxf2 18. Qe2 Nfe4 19. Nxc5 Qxc5+ 20. d4 Qa5 21.
c4 e6 22. cxd5 exd5 23. Ng5 f5 24. Qf3 Qxe1+ 0-1

[Event "National Capital op"]
[Site "Ottawa CAN"]
[Date "2022.11.04"]
[Round "1.12"]
[White "Adam, Rafael"]
[Black "Rauch, Frank"]
[Result "1-0"]
[WhiteElo "2138"]
[BlackElo "1916"]
[PlyCount "35"]
[EventDate "2022.11.04"]
[EventType "swiss"]
[EventRounds "5"]
[EventCountry "CAN"]

1. d4 Nf6 2. c4 g6 3. g3 Bg7 4. Bg2 O-O 5. Nc3 d6 6. Nf3 c5 7. O-O Nc6 8. d5
Na5 9. Qd3 a6 10. a4 Nb3 11. Ra3 Nxc1 12. Rxc1 Bd7 13. h3 h5 14. e4 Qb6 15. Qe2
Qb4 16. a5 b5 17. Na2 Bh6 18. Rc2 1-0

[Event "National Capital op"]
[Site "Ottawa CAN"]
[Date "2022.11.05"]
[Round "2.1"]
[White "Rodrigue-Lemieux, Shawn"]
[Black "Zheng, Richard"]
[Result "1-0"]
[WhiteElo "2527"]
[BlackElo "2257"]
[PlyCount "83"]
[EventDate "2022.11.04"]
[EventType "swiss"]
[EventRounds "5"]
[EventCountry "CAN"]

1. e4 c6 2. Nf3 d5 3. d3 Bg4 4. h3 Bxf3 5. Qxf3 e6 6. g4 Nd7 7. Be3 g6 8. Nd2
Bg7 9. c3 Ne7 10. h4 h5 11. gxh5 gxh5 12. d4 Ng6 13. Bd3 Nxh4 14. Qg3 Bf6 15.
e5 Be7 16. Qg7 Rf8 17. O-O-O Qa5 18. Nb3 Qb6 19. Qg3 Nf5 20. Bxf5 exf5 21. Rxh5
O-O-O 22. Rxf5 a5 23. Bh6 Rh8 24. Rxf7 a4 25. Nd2 a3 26. b3 Rdg8 27. Qd3 Qd8
28. Be3 Rh5 29. Rh7 Rh8 30. Rxh5 Rxh5 31. Kc2 Qg8 32. b4 b5 33. f4 Rh2 34. Rg1
Rg2 35. Rxg2 Qxg2 36. f5 Kb7 37. f6 Bxf6 38. Qf5 Nb6 39. exf6 Nc4 40. Bh6 Qh2
41. f7 Qxh6 42. Nxc4 1-0

[Event "National Capital op"]
[Site "Ottawa CAN"]
[Date "2022.11.05"]
[Round "2.2"]
[White "Han, Johnathan"]
[Black "Sambuev, Bator"]
[Result "1-0"]
[WhiteElo "2251"]
[BlackElo "2518"]
[PlyCount "75"]
[EventDate "2022.11.04"]
[EventType "swiss"]
[EventRounds "5"]
[EventCountry "CAN"]

1. e4 e6 2. d4 d5 3. Nc3 Bb4 4. e5 c5 5. a3 Ba5 6. b4 cxd4 7. Nb5 Bc7 8. f4 Ne7
9. Nf3 Nbc6 10. Bd3 Bb8 11. Nbxd4 Nxd4 12. Nxd4 a6 13. O-O Ba7 14. Be3 g6 15.
Qe2 Bd7 16. Nf3 Bxe3+ 17. Qxe3 Ba4 18. Nd4 Qb6 19. Rae1 h5 20. Rf2 Rc8 21. f5
gxf5 22. Nxf5 d4 23. Nxd4 Nd5 24. Qe4 Nc3 25. Qf4 Rc7 26. Qf6 Rf8 27. Nf5 Bb5
28. Nd6+ Kd7 29. Qg7 Ke7 30. Kf1 Be8 31. Bg6 Bb5+ 32. Kg1 Be8 33. Ref1 Nb5 34.
Nxf7 Rxf7 35. Bxf7 Kd8 36. Qf6+ Re7 37. Bxe8 Kxe8 38. Qf8+ 1-0

[Event "National Capital op"]
[Site "Ottawa CAN"]
[Date "2022.11.05"]
[Round "2.3"]
[White "Chiku-Ratte, Olivier-Kenta"]
[Black "Gordon, David"]
[Result "1/2-1/2"]
[WhiteElo "2459"]
[BlackElo "2264"]
[PlyCount "103"]
[EventDate "2022.11.04"]
[EventType "swiss"]
[EventRounds "5"]
[EventCountry "CAN"]

1. d4 Nf6 2. c4 c5 3. d5 e6 4. Nc3 exd5 5. cxd5 d6 6. e4 g6 7. f4 Bg7 8. Bb5+
Nfd7 9. Bd3 O-O 10. Nf3 Na6 11. O-O Nc7 12. Kh1 Rb8 13. f5 b5 14. Bg5 Bf6 15.
Bf4 c4 16. Bc2 b4 17. Ne2 Nb5 18. Ned4 Nxd4 19. Nxd4 Bxd4 20. Qxd4 Qb6 21. Qd2
f6 22. fxg6 hxg6 23. Be3 Qc7 24. Bd4 Kg7 25. Qf2 a5 26. Rac1 Ba6 27. Bd3 Ne5
28. Be2 Qe7 29. Qe3 Rbc8 30. a3 Qb7 31. axb4 axb4 32. Ra1 Ra8 33. Qd2 c3 34.
bxc3 b3 35. Rab1 Bxe2 36. Qxe2 Ra3 37. Kg1 Qa8 38. c4 Qa4 39. Bxe5 fxe5 40.
Rxf8 Kxf8 41. Qf2+ Kg7 42. Rf1 Ra1 43. Qf6+ Kh7 44. Qe7+ Kh6 45. Qf8+ Kh7 46.
Qf7+ Kh8 47. Qf8+ Kh7 48. Qe7+ Kh6 49. Qh4+ Kg7 50. Qe7+ Kg8 51. Qd8+ Kg7 52.
Qe7+ 1/2-1/2

[Event "National Capital op"]
[Site "Ottawa CAN"]
[Date "2022.11.05"]
[Round "2.4"]
[White "Saha, Ananda"]
[Black "Migot, Tanguy"]
[Result "0-1"]
[WhiteElo "2222"]
[BlackElo "2437"]
[PlyCount "43"]
[EventDate "2022.11.04"]
[EventType "swiss"]
[EventRounds "5"]
[EventCountry "CAN"]

1. b3 Nf6 2. Bb2 d5 3. Nf3 Nbd7 4. e3 g6 5. c4 c6 6. cxd5 cxd5 7. Nc3 e5 8. Rc1
a6 9. Be2 Bd6 10. O-O O-O 11. h3 Re8 12. d3 Nb8 13. e4 d4 14. Na4 Nbd7 15. b4
Bxb4 16. Qb3 Qe7 17. a3 Bd6 18. Nb6 Nxb6 19. Qxb6 Nd7 20. Qa5 Nc5 21. Nd2 b6
22. Qb4 0-1

[Event "National Capital op"]
[Site "Ottawa CAN"]
[Date "2022.11.05"]
[Round "2.5"]
[White "Xu, Daniel"]
[Black "Adam, Rafael"]
[Result "1-0"]
[WhiteElo "2299"]
[BlackElo "2138"]
[PlyCount "105"]
[EventDate "2022.11.04"]
[EventType "swiss"]
[EventRounds "5"]
[EventCountry "CAN"]

1. e4 e5 2. Nf3 Nc6 3. Bb5 a6 4. Ba4 Nf6 5. O-O Nxe4 6. d4 b5 7. Bb3 d5 8. dxe5
Be6 9. Nbd2 Nc5 10. c3 d4 11. Bxe6 Nxe6 12. cxd4 Ncxd4 13. a4 Bb4 14. axb5 Nxb5
15. Qa4 c5 16. Ne4 O-O 17. Rd1 Qb6 18. Be3 a5 19. Qc2 Rfd8 20. Qc4 Rac8 21.
Nfg5 Nbd4 22. Nd6 Rc7 23. Nge4 Ra8 24. f4 Qa6 25. Qxa6 Rxa6 26. f5 Nc2 27. fxe6
fxe6 28. Nc4 Nxa1 29. Rxa1 Rd7 30. Ned6 a4 31. Kf2 Rda7 32. Ke2 Ra8 33. Ne4 a3
34. bxa3 Bxa3 35. Rd1 Bb4 36. Rd7 Ra2+ 37. Kf3 Rf8+ 38. Kg3 Be1+ 39. Kh3 Ra4
40. Ned6 h6 41. Re7 Rb8 42. Rxe6 Rbb4 43. Re8+ Kh7 44. Bd2 Bxd2 45. Nxd2 Rh4+
46. Kg3 Rhg4+ 47. Kf3 Rgd4 48. N2e4 Ra3+ 49. Kf4 Raa4 50. Kf5 c4 51. Nf7 g6+
52. Kf6 Ra6+ 53. e6 1-0

[Event "National Capital op"]
[Site "Ottawa CAN"]
[Date "2022.11.05"]
[Round "2.6"]
[White "Latreille, Etienne"]
[Black "Cortes Orihuela, Javier"]
[Result "0-1"]
[WhiteElo "2213"]
[BlackElo "2196"]
[PlyCount "118"]
[EventDate "2022.11.04"]
[EventType "swiss"]
[EventRounds "5"]
[EventCountry "CAN"]

1. e4 e5 2. Nf3 Nc6 3. Bc4 Nf6 4. d3 Be7 5. O-O O-O 6. Nc3 d6 7. h3 Na5 8. Bb3
c6 9. d4 Qc7 10. dxe5 dxe5 11. Qe2 Nd7 12. Bd2 b5 13. Rfd1 Nc5 14. Qe1 Naxb3
15. axb3 Ne6 16. Ne2 Bf6 17. Be3 a6 18. b4 Bb7 19. Bc5 Rfd8 20. Qc3 Rxd1+ 21.
Rxd1 Rd8 22. Re1 g6 23. Qe3 Nxc5 24. Qxc5 Be7 25. Qc3 f6 26. Nc1 c5 27. bxc5
Qxc5 28. Qxc5 Bxc5 29. Nd3 Bb6 30. Nd2 Ba5 31. Re2 Bxd2 32. Rxd2 Bxe4 33. f3
Bxd3 34. cxd3 Kf7 35. Kf2 Ke7 36. Ke3 Rd4 37. Rc2 Kd7 38. Kd2 h5 39. Rc3 g5 40.
Ke3 g4 41. hxg4 hxg4 42. Kd2 gxf3 43. gxf3 Rf4 44. Ke3 Rb4 45. Rc2 Kd6 46. Kd2
Kd5 47. Kc3 Rf4 48. Rf2 a5 49. b3 a4 50. bxa4 Rxa4 51. Rb2 Kc5 52. Kd2 f5 53.
Rc2+ Kd5 54. Rb2 b4 55. Ke2 Kd4 56. Kd2 f4 57. Rb3 Ra2+ 58. Kd1 Kc5 59. Ke1 Ra3
0-1

[Event "National Capital op"]
[Site "Ottawa CAN"]
[Date "2022.11.05"]
[Round "2.7"]
[White "Duong, Thanh Nha"]
[Black "Mahdjoubi, Abdelaziz"]
[Result "0-1"]
[WhiteElo "2267"]
[BlackElo "1858"]
[PlyCount "39"]
[EventDate "2022.11.04"]
[EventType "swiss"]
[EventRounds "5"]
[EventCountry "CAN"]

1. Nf3 Nf6 2. c4 g6 3. b4 Bg7 4. Bb2 O-O 5. g3 a5 6. b5 c6 7. Nc3 cxb5 8. cxb5
Qb6 9. d4 Nc6 10. Ba3 Nb4 11. e4 d6 12. Bb2 Bg4 13. Be2 Bxf3 14. Bxf3 Qxd4 15.
O-O Qxd1 16. Rfxd1 Nd7 17. Bg4 Ne5 18. Be2 Nd7 19. Rd2 Rac8 20. Rc1 0-1